The iron and steel industry in Czechoslovakia : a survey dedicated to the iron and steel institute on the occasion of the Autumn meeting in Prague 1930 /

Uložené v:
Podrobná bibliografia
Ďalší autori: Kříž, Antonín (Compiler)
Médium: Kniha
Jazyk:English
Vydané: Prague : Spolek československých inženýrů, 1930.
ISBN: (viaz.)
Fyzický popis: ix, 247 s. : il., príl.
Tagy: Pridať tag
Žiadne tagy, Buďte prvý kto otaguje tento záznam!

MARC

LEADER 00000nam a2200000 4500
001 000000968
005 20251120105009.0
008 040729s1930 xr eng d
020 |a (viaz.) 
040 |a SVKKK  |b slo  |c SVKKK  |e AACR2 
080 |a 669 
245 0 4 |a The iron and steel industry in Czechoslovakia :  |b a survey dedicated to the iron and steel institute on the occasion of the Autumn meeting in Prague 1930 /  |c compiled by Antonín Kříž. 
260 |a Prague :  |b Spolek československých inženýrů,  |c 1930. 
300 |a ix, 247 s. :  |b il., príl. 
700 1 |a Kříž, Antonín  |4 com 
910 |a svkkk 
998 |a BK 
090 |g SCKHL  |k Sklad Pribinova 2. posch.  |a II.188017  |j 454112  |i 2720261300  |s Prezenčne